Administrativnaja justicija v novych evropejskich demokratijach praktičeskie issledovanija v sfere administrativnogo prava i processa v Bolgarii, Estonii, Vengrii, Poľše i Ukraine

Salvato in:
Dettagli Bibliografici
Natura: Libro
Lingua:russo
Pubblicazione: Kiev ArtEk 1999
Soggetti:
Tags: Aggiungi Tag
Nessun Tag, puoi essere il primo ad aggiungerne!!

MARC

LEADER 00000nam a2200000 4500
001 c123887
005 20240227100325.0
020 |a 966-505-121-0 
041 0 |a rus 
044 |a UA 
245 1 0 |a Administrativnaja justicija v novych evropejskich demokratijach  |b praktičeskie issledovanija v sfere administrativnogo prava i processa v Bolgarii, Estonii, Vengrii, Poľše i Ukraine  |c Redaktory: Denis Dž. Galligan ... [et al.] 
264 1 |a Kiev  |b ArtEk  |c 1999 
300 |a 686 s. 
610 2 0 |a administratíva 
610 2 0 |a zákony 
610 2 0 |a právo 
610 2 0 |a legislatíva 
610 2 0 |a predpisy právne 
610 2 0 |a porovnanie medzinárodné 
610 2 0 |a Bulharsko 
610 2 0 |a Estónsko 
610 2 0 |a Maďarsko 
610 2 0 |a Poľsko 
610 2 0 |a Ukrajina